<?xml version="1.0" encoding="UTF-8"?>
<record
    xmlns:xsi="http://www.w3.org/2001/XMLSchema-instance"
    xsi:schemaLocation="http://www.loc.gov/MARC21/slim http://www.loc.gov/standards/marcxml/schema/MARC21slim.xsd"
    xmlns="http://www.loc.gov/MARC21/slim">

  <leader>00568nam  2200169   4500</leader>
  <controlfield tag="001">6092</controlfield>
  <datafield tag="090" ind1=" " ind2=" ">
    <subfield code="a">6092</subfield>
  </datafield>
  <datafield tag="100" ind1=" " ind2=" ">
    <subfield code="a">20190729k        u||y0frey50      ba</subfield>
  </datafield>
  <datafield tag="101" ind1=" " ind2=" ">
    <subfield code="a">spa</subfield>
  </datafield>
  <datafield tag="200" ind1=" " ind2=" ">
    <subfield code="a">La planicicacion de emergencia tras Chernobil</subfield>
    <subfield code="b">Brochure</subfield>
    <subfield code="f">informe elaborado por la Coordinadora contra Garo&#xF1;a</subfield>
  </datafield>
  <datafield tag="210" ind1=" " ind2=" ">
    <subfield code="a">[S.l.]</subfield>
    <subfield code="c">Coordinadora contra Garo&#xF1;a</subfield>
    <subfield code="d">1989 (15.09)</subfield>
  </datafield>
  <datafield tag="215" ind1=" " ind2=" ">
    <subfield code="a">8 f.</subfield>
    <subfield code="d">30 cm</subfield>
  </datafield>
  <datafield tag="300" ind1=" " ind2=" ">
    <subfield code="a">Bibliogr.</subfield>
  </datafield>
  <datafield tag="606" ind1=" " ind2=" ">
    <subfield code="9">6982</subfield>
    <subfield code="a">Centrale de Tchernobyl</subfield>
    <subfield code="y">Ukraine - URSS</subfield>
  </datafield>
  <datafield tag="606" ind1=" " ind2=" ">
    <subfield code="9">648</subfield>
    <subfield code="a">Nucl&#xE9;aire (Energie)</subfield>
  </datafield>
  <datafield tag="710" ind1=" " ind2=" ">
    <subfield code="9">7011</subfield>
    <subfield code="a">Coordinadora contra Garo&#xF1;a</subfield>
  </datafield>
  <datafield tag="801" ind1=" " ind2=" ">
    <subfield code="a">CH</subfield>
    <subfield code="b">CH-002049-8</subfield>
  </datafield>
  <datafield tag="995" ind1=" " ind2=" ">
    <subfield code="1">0</subfield>
    <subfield code="2">0</subfield>
    <subfield code="3">0</subfield>
    <subfield code="5">2026-06-19</subfield>
    <subfield code="9">7076</subfield>
    <subfield code="b">ARCHIC</subfield>
    <subfield code="c">ARCHIC</subfield>
    <subfield code="e">Brochures</subfield>
    <subfield code="f">7921</subfield>
    <subfield code="h">Contratom</subfield>
    <subfield code="k">Broch 2747</subfield>
    <subfield code="o">1</subfield>
  </datafield>
</record>
